000 00232nam a22000977a 4500
003 OSt
008 210121b ||||| |||| 00| 0 eng d
100 _aShahane
_94562
245 _aBuilding construction qustions and answers
942 _cBK
999 _c16777
_d16777